[Event "Madrid ch Super-Veteranos 2015-2016"]
[Site "Madrid ESP"]
[Date "2016.01.26"]
[Round "4.8"]
[White "Leniz Martinez, Francisco"]
[Black "Alvarez Escudero, Manuel"]
[Result "0-1"]
[WhiteElo "1690"]
[BlackElo "1820"]
[PlyCount "78"]
[EventDate "2016.01.22"]
[EventType "swiss"]
[EventRounds "7"]
[EventCountry "ESP"]
[Source "lmi"]
[SourceDate "2016.01.22"]

1. c4 e5 2. g3 c6 3. Bg2 Nf6 4. d3 Bc5 5. Nf3 e4 6. dxe4 Nxe4 7. O-O O-O 8. e3
d6 9. h3 Be6 10. Qc2 Bf5 11. Qb3 Bb6 12. Qd1 Qd7 13. Kh2 Re8 14. Nbd2 Na6 15.
Nh4 Nac5 16. Nxf5 Qxf5 17. Nxe4 Nxe4 18. f3 Ng5 19. e4 Qc5 20. Re1 Ne6 21. b3
Rad8 22. Be3 Qa5 23. Qd2 Qa6 24. Bf1 Bxe3 25. Qxe3 Qa5 26. Qf2 h6 27. Rad1 Qc5
28. Rd2 Qxf2+ 29. Rxf2 d5 30. cxd5 cxd5 31. Bb5 Re7 32. exd5 Rxd5 33. Bc4 Rf5
34. Bxe6 fxe6 35. Re3 Kf7 36. Kg2 Rc7 37. f4 Rcc5 38. Rfe2 Rc6 39. Rd2 Rd5 0-1

[Event "Madrid ch Super-Veteranos 2015-2016"]
[Site "Madrid ESP"]
[Date "2016.01.26"]
[Round "4.9"]
[White "Fernandez Martinez, Jose"]
[Black "Corredor Gonzalez, Angel L"]
[Result "0-1"]
[WhiteElo "1632"]
[BlackElo "1780"]
[PlyCount "64"]
[EventDate "2016.01.22"]
[EventType "swiss"]
[EventRounds "7"]
[EventCountry "ESP"]
[Source "lmi"]
[SourceDate "2016.01.22"]

1. e4 e5 2. Nf3 Nf6 3. Nxe5 d6 4. Nf3 Nxe4 5. d4 d5 6. Bd3 Nc6 7. c3 Bg4 8. O-O
Be7 9. Nbd2 f5 10. Qb3 O-O 11. Ne1 Na5 12. Qc2 Bd6 13. Nef3 Rf6 14. Be2 Rg6 15.
Qd1 Bh3 16. g3 Bxf1 17. Bxf1 f4 18. Bg2 fxg3 19. hxg3 Qf6 20. Nxe4 dxe4 21. Nh4
Rf8 22. Be3 Rg5 23. Bxe4 Bxg3 24. fxg3 Rxg3+ 25. Ng2 Rxe3 26. Bxh7+ Kxh7 27.
Qh5+ Kg8 28. Nxe3 Qf2+ 29. Kh1 Qxe3 30. Qxa5 Qf3+ 31. Kg1 Rf5 32. Qxc7 Qf2+ 0-1

[Event "Madrid ch Super-Veteranos 2015-2016"]
[Site "Madrid ESP"]
[Date "2016.01.26"]
[Round "4.10"]
[White "Martin Rodriguez, Jose Luis"]
[Black "Diaz Begonte, Manuel"]
[Result "0-1"]
[WhiteElo "1313"]
[BlackElo "1671"]
[PlyCount "112"]
[EventDate "2016.01.22"]
[EventType "swiss"]
[EventRounds "7"]
[EventCountry "ESP"]
[Source "lmi"]
[SourceDate "2016.01.22"]

1. e4 d5 2. exd5 Nf6 3. d4 Nxd5 4. c4 Nb6 5. Nc3 g6 6. Be3 Bg7 7. Nf3 O-O 8.
Bd3 Nc6 9. Be4 Nxc4 10. Bxc6 Nxe3 11. fxe3 bxc6 12. O-O Bb7 13. Qb3 Rb8 14. Qc4
e6 15. h4 Qc8 16. Qc5 Ba6 17. Rf2 Bh6 18. Ng5 Qd7 19. Nge4 f5 20. Ng5 Bxg5 21.
hxg5 Rb6 22. Qe5 Qd6 23. Rd1 Rbb8 24. Rf3 Rbd8 25. Qf4 Qxf4 26. Rxf4 Rb8 27. b3
Bb5 28. Rh4 a5 29. Kf2 Ra8 30. Rdh1 Rf7 31. Kg3 a4 32. b4 Bc4 33. a3 Bb3 34.
Rc1 Rd8 35. Ne2 Rd6 36. Rch1 Rdd7 37. Nf4 Kf8 38. Nd3 f4+ 39. Nxf4 Rf5 40.
Nxe6+ Bxe6 41. Rxh7 Rxh7 42. Rxh7 Rxg5+ 43. Kf2 Bf7 44. g3 Ke7 45. Rh8 Be8 46.
Kf3 Rh5 47. Rxh5 gxh5 48. Kf4 Kf6 49. e4 Bg6 50. e5+ Ke6 51. Kg5 Bf7 52. Kf4
Kd5 53. Ke3 Bg6 54. Kf4 Kxd4 55. e6 Kd5 56. e7 Ke6 0-1

[Event "Madrid ch Super-Veteranos 2015-2016"]
[Site "Madrid ESP"]
[Date "2016.01.26"]
[Round "4.11"]
[White "Carcasona Beltran, Jose Maria"]
[Black "Benito Alba, Eladio"]
[Result "0-1"]
[WhiteElo "1126"]
[BlackElo "1567"]
[PlyCount "72"]
[EventDate "2016.01.22"]
[EventType "swiss"]
[EventRounds "7"]
[EventCountry "ESP"]
[Source "lmi"]
[SourceDate "2016.01.22"]

1. e4 c6 2. Nf3 d5 3. e5 Bg4 4. d4 e6 5. Be2 c5 6. Be3 Nd7 7. Nc3 cxd4 8. Bxd4
Bc5 9. Bxc5 Nxc5 10. Qd4 Bxf3 11. Bxf3 Qb6 12. O-O-O Ne7 13. Be2 h6 14. b4 Nd7
15. Qxb6 Nxb6 16. a4 Rc8 17. Rd4 Rxc3 18. a5 Nd7 19. Kb2 Rc7 20. c4 Nxe5 21. c5
N5c6 22. Rg4 O-O 23. Rd1 e5 24. Ka3 Nd4 25. Bd3 f5 26. Rg3 Nec6 27. Rb1 e4 28.
Bf1 Nc2+ 29. Ka4 f4 30. Rc3 N2d4 31. Rd1 Rd7 32. h4 Re8 33. g4 e3 34. fxe3 fxe3
35. Bd3 e2 36. Re1 Rde7 0-1

[Event "Madrid ch Super-Veteranos 2015-2016"]
[Site "Madrid ESP"]
[Date "2016.01.26"]
[Round "4.13"]
[White "Sanchez Lucena, Juan"]
[Black "Rodriguez Bachiller, Luis"]
[Result "0-1"]
[WhiteElo "1440"]
[BlackElo "1660"]
[PlyCount "108"]
[EventDate "2016.01.22"]
[EventType "swiss"]
[EventRounds "7"]
[EventCountry "ESP"]
[Source "lmi"]
[SourceDate "2016.01.22"]

1. d4 Nf6 2. Bg5 e6 3. c4 Be7 4. Nf3 O-O 5. e3 d6 6. Bd3 Nbd7 7. O-O c5 8. Qc2
h6 9. Bh4 d5 10. cxd5 Nxd5 11. Bxe7 Qxe7 12. a3 a6 13. Nbd2 Rb8 14. Rac1 b6 15.
Nc4 a5 16. Nce5 Bb7 17. Nxd7 Qxd7 18. Ne5 Qd6 19. Qd2 cxd4 20. exd4 Rfc8 21.
Rfe1 Rxc1 22. Rxc1 Qd8 23. Rd1 Rc8 24. Re1 Nf6 25. h3 Qd5 26. Nf3 Rd8 27. Re5
Qd6 28. Re3 Bxf3 29. Rxf3 Qxd4 30. Qe2 Qc5 31. Bc2 Kf8 32. Rc3 Qd6 33. Rd3 Nd5
34. Qf3 Rc8 35. Rd2 Qc7 36. g3 Qe5 37. Qd1 Qg5 38. Kg2 Qe5 39. Bb1 Qb8 40. Kh2
Rc5 41. Ba2 Qb7 42. b4 axb4 43. axb4 Rb5 44. Rd4 Ke7 45. Qd2 Qc6 46. Bc4 Rxb4
47. Bxd5 Rxd4 48. Qxd4 exd5 49. Qxg7 Qf6 50. Qg4 Qxf2+ 51. Kh1 Qe1+ 52. Kh2 Qe4
53. Qd1 d4 54. h4 d3 0-1

[Event "Madrid ch Super-Veteranos 2015-2016"]
[Site "Madrid ESP"]
[Date "2016.01.26"]
[Round "4.14"]
[White "Jaumandreu Llopis, Antonio"]
[Black "Algaba Traspuesto, Jose Antonio"]
[Result "1/2-1/2"]
[WhiteElo "1504"]
[BlackElo "1632"]
[PlyCount "79"]
[EventDate "2016.01.22"]
[EventType "swiss"]
[EventRounds "7"]
[EventCountry "ESP"]
[Source "lmi"]
[SourceDate "2016.01.22"]

1. e4 d5 2. exd5 Nf6 3. Nf3 Nxd5 4. d4 g6 5. c4 Nb6 6. Nc3 Bg7 7. Be3 O-O 8.
Qd2 Re8 9. h3 Nc6 10. Rd1 e5 11. d5 Nd4 12. Be2 Nxf3+ 13. gxf3 Bf5 14. Ne4 Qc8
15. Bf1 Bxe4 16. fxe4 f5 17. f3 Qd7 18. b3 Rad8 19. Bg5 Rc8 20. h4 f4 21. h5
Qd6 22. hxg6 Qxg6 23. Qg2 Nd7 24. Kd2 Kh8 25. Rh2 Rg8 26. Qh3 Bf6 27. Bxf6+
Nxf6 28. Be2 Rcf8 29. Rdh1 Rg7 30. Bf1 Qg3 31. Qf5 Qxf3 32. Rxh7+ Nxh7 33.
Rxh7+ Kg8 34. Rh8+ Kxh8 35. Qxf8+ Kh7 36. Qf5+ Kh6 37. Qf6+ Rg6 38. Qf8+ Kh7
39. Qf7+ Rg7 40. Qf5+ 1/2-1/2

[Event "Madrid ch Super-Veteranos 2015-2016"]
[Site "Madrid ESP"]
[Date "2016.01.27"]
[Round "5.1"]
[White "Estrada Martinez, Cesar"]
[Black "Mayer Schwartz, Rene"]
[Result "1/2-1/2"]
[WhiteElo "2079"]
[BlackElo "2015"]
[PlyCount "79"]
[EventDate "2016.01.22"]
[EventType "swiss"]
[EventRounds "7"]
[EventCountry "ESP"]
[Source "lmi"]
[SourceDate "2016.01.22"]

1. c4 e5 2. Nf3 d6 3. d4 Nd7 4. Nc3 Ngf6 5. g3 g6 6. Bg2 Bg7 7. O-O O-O 8. b3
Re8 9. Bb2 exd4 10. Nxd4 Rb8 11. Qd2 Nc5 12. Rad1 Bd7 13. Rfe1 Nfe4 14. Nxe4
Nxe4 15. Qc2 Nc5 16. e4 Qe7 17. f3 Qg5 18. Kh1 Qh5 19. Ne2 Bxb2 20. Qxb2 Bh3
21. Bxh3 Qxh3 22. Nf4 Qc8 23. Nd5 Nd7 24. f4 c6 25. Nf6+ Nxf6 26. Qxf6 Re6 27.
Qd4 b6 28. g4 Re8 29. f5 Rd8 30. Qf6 Qc7 31. Rd3 Rd7 32. Qh4 Qd8 33. g5 h5 34.
Rf3 Kh7 35. Ref1 Qe7 36. Qf4 Rg8 37. Rh3 Re8 38. Re3 Qe5 39. Qxe5 Rxe5 40.
fxg6+ 1/2-1/2

[Event "Madrid ch Super-Veteranos 2015-2016"]
[Site "Madrid ESP"]
[Date "2016.01.27"]
[Round "5.2"]
[White "Garcia Esteban, Ignacio"]
[Black "Ciuro Muñoz, Ricardo"]
[Result "1/2-1/2"]
[WhiteElo "1888"]
[BlackElo "2024"]
[PlyCount "71"]
[EventDate "2016.01.22"]
[EventType "swiss"]
[EventRounds "7"]
[EventCountry "ESP"]
[Source "lmi"]
[SourceDate "2016.01.22"]

1. e4 e6 2. d4 d5 3. Nd2 dxe4 4. Nxe4 Bd7 5. Nf3 Bc6 6. Bd3 Nd7 7. c3 Ngf6 8.
Nxf6+ Nxf6 9. O-O Bxf3 10. Qxf3 c6 11. Bg5 Be7 12. Qe2 O-O 13. Rfe1 Re8 14.
Rad1 Qa5 15. Bxf6 Bxf6 16. b4 Qa3 17. Qc2 g6 18. f4 a5 19. bxa5 Qxa5 20. Rb1 b5
21. Be4 Rec8 22. Re2 Qc7 23. g3 Ra3 24. Rb3 Rca8 25. Rxa3 Rxa3 26. Qb2 Qd6 27.
Rd2 Be7 28. Rc2 Ra4 29. Rd2 h5 30. h4 Ra3 31. Kg2 Qc7 32. Qb1 f5 33. Bf3 Rxc3
34. Rc2 b4 35. Rxc3 bxc3 36. Qb3 1/2-1/2

[Event "Madrid ch Super-Veteranos 2015-2016"]
[Site "Madrid ESP"]
[Date "2016.01.27"]
[Round "5.3"]
[White "Lopez Heras, Arturo"]
[Black "Moragrega Herrero, Juan Jose"]
[Result "1/2-1/2"]
[WhiteElo "1809"]
[BlackElo "1837"]
[PlyCount "36"]
[EventDate "2016.01.22"]
[EventType "swiss"]
[EventRounds "7"]
[EventCountry "ESP"]
[Source "lmi"]
[SourceDate "2016.01.22"]

1. c4 g6 2. d4 c6 3. Nc3 d5 4. e3 Bg7 5. Bd3 Nf6 6. Nf3 Nbd7 7. O-O O-O 8. b3
Re8 9. Bb2 Nb6 10. Ne5 Nfd7 11. Nxf7 Kxf7 12. c5 Nxc5 13. dxc5 Nd7 14. b4 e5
15. e4 Nf6 16. Qc2 Kg8 17. Rad1 Be6 18. a3 d4 1/2-1/2

[Event "Madrid ch Super-Veteranos 2015-2016"]
[Site "Madrid ESP"]
[Date "2016.01.27"]
[Round "5.4"]
[White "Alvarez Escudero, Manuel"]
[Black "Gonzalez Rivera, Eduardo"]
[Result "0-1"]
[WhiteElo "1820"]
[BlackElo "2059"]
[PlyCount "124"]
[EventDate "2016.01.22"]
[EventType "swiss"]
[EventRounds "7"]
[EventCountry "ESP"]
[Source "lmi"]
[SourceDate "2016.01.22"]

1. e4 e5 2. Nf3 Nc6 3. Bb5 a6 4. Ba4 Nf6 5. d3 b5 6. Bb3 Be7 7. Nc3 O-O 8. Nd5
d6 9. Nxe7+ Nxe7 10. h3 Ng6 11. O-O c5 12. a4 Rb8 13. axb5 axb5 14. Bg5 h6 15.
Be3 Qe7 16. Qd2 Kh7 17. Qa5 Nh5 18. Bd5 Nhf4 19. Bxf4 Nxf4 20. Qa7 Nxd5 21.
Qxb8 Nf4 22. Ra7 Qf6 23. Qc7 Bxh3 24. Qe7 Qxe7 25. Rxe7 Bxg2 26. Nh4 Bxf1 27.
Kxf1 Ng6 28. Nxg6 fxg6 29. b4 cxb4 30. Rb7 Rc8 31. Rxb5 Rxc2 32. Rxb4 Rc6 33.
d4 exd4 34. Rxd4 g5 35. Rd5 Kg6 36. e5 dxe5 37. Rxe5 h5 38. Kg2 Rc3 39. Re6+
Kf5 40. Re8 g4 41. Rh8 Kg5 42. Rf8 Rc2 43. Rf7 g6 44. Rf8 h4 45. Kg1 Rc3 46.
Kg2 g3 47. fxg3 Rxg3+ 48. Kh2 Re3 49. Rf2 Kg4 50. Ra2 g5 51. Ra4+ Kf5 52. Ra5+
Kf4 53. Ra4+ Re4 54. Ra8 Re2+ 55. Kg1 Kf3 56. Ra5 g4 57. Ra3+ Re3 58. Ra1 Kg3
59. Kh1 Kf2 60. Ra2+ Re2 61. Ra1 Re1+ 62. Kh2 g3+ 0-1

[Event "Madrid ch Super-Veteranos 2015-2016"]
[Site "Madrid ESP"]
[Date "2016.01.27"]
[Round "5.5"]
[White "Perez Cameselle, Francisco"]
[Black "Corredor Gonzalez, Angel L"]
[Result "1-0"]
[WhiteElo "1917"]
[BlackElo "1780"]
[PlyCount "101"]
[EventDate "2016.01.22"]
[EventType "swiss"]
[EventRounds "7"]
[EventCountry "ESP"]
[Source "lmi"]
[SourceDate "2016.01.22"]

1. d4 Nf6 2. Nf3 e6 3. g3 d5 4. c4 Bb4+ 5. Bd2 Bxd2+ 6. Nbxd2 O-O 7. Bg2 b6 8.
O-O Bb7 9. cxd5 exd5 10. Ne5 Nbd7 11. Nd3 Re8 12. Re1 Rc8 13. Qa4 a5 14. e3 c5
15. dxc5 Nxc5 16. Nxc5 Rxc5 17. Rec1 Qc7 18. Rxc5 Qxc5 19. Nf3 Rc8 20. Nd4 Ba6
21. Qd1 Ne4 22. Bxe4 dxe4 23. Nb3 Qf5 24. Nd4 Qc5 25. Nb3 Qc4 26. Rc1 Qd3 27.
Rxc8+ Bxc8 28. Qxd3 exd3 29. Kf1 a4 30. Nd4 f6 31. Ke1 Kf7 32. Kd2 Ba6 33. Nc6
Ke6 34. Nb4 Bc4 35. a3 Ke5 36. f3 h5 37. Nxd3+ Kd6 38. Nf4 Bf7 39. h4 g5 40.
hxg5 fxg5 41. Nh3 g4 42. fxg4 hxg4 43. Ng5 Bg6 44. Kc3 Kc5 45. Ne6+ Kd6 46. Nf4
Be8 47. Kd4 Kc6 48. e4 Bd7 49. Ke5 Kc5 50. Kf6 Kc4 51. e5 1-0

[Event "Madrid ch Super-Veteranos 2015-2016"]
[Site "Madrid ESP"]
[Date "2016.01.27"]
[Round "5.6"]
[White "Fernandez Garcia, Ignacio"]
[Black "Ortega Morales, Pedro"]
[Result "1-0"]
[WhiteElo "1875"]
[BlackElo "1747"]
[PlyCount "57"]
[EventDate "2016.01.22"]
[EventType "swiss"]
[EventRounds "7"]
[EventCountry "ESP"]
[Source "lmi"]
[SourceDate "2016.01.22"]

1. e4 e5 2. Nf3 Nc6 3. Bc4 d6 4. d3 Be7 5. Nc3 Nf6 6. h3 O-O 7. Bg5 Na5 8. Qe2
a6 9. a3 b5 10. Ba2 c5 11. Bxf6 Bxf6 12. Bd5 Bb7 13. Bxb7 Nxb7 14. Nd5 g6 15.
g4 Rc8 16. h4 Bg7 17. Qd2 c4 18. h5 Qa5 19. Qxa5 Nxa5 20. Ne7+ Kh8 21. hxg6
fxg6 22. Ng5 h6 23. Nxg6+ Kg8 24. Ne7+ Kh8 25. Nxc8 Rxc8 26. Nf7+ Kg8 27. Nxd6
Rd8 28. Nf5 cxd3 29. Rd1 1-0

[Event "Madrid ch Super-Veteranos 2015-2016"]
[Site "Madrid ESP"]
[Date "2016.01.27"]
[Round "5.8"]
[White "Diaz Begonte, Manuel"]
[Black "Guimare Lorenzo, Juan L"]
[Result "1-0"]
[WhiteElo "1671"]
[BlackElo "1605"]
[PlyCount "45"]
[EventDate "2016.01.22"]
[EventType "swiss"]
[EventRounds "7"]
[EventCountry "ESP"]
[Source "lmi"]
[SourceDate "2016.01.22"]

1. e4 c5 2. d4 cxd4 3. c3 dxc3 4. Nxc3 Nc6 5. Nf3 Nf6 6. Bc4 e6 7. Bf4 Bb4 8.
Qe2 O-O 9. O-O Bxc3 10. bxc3 Re8 11. Rfd1 e5 12. Bg3 h6 13. Bh4 a6 14. Rd6 b5
15. Bxf6 gxf6 16. Bb3 Re7 17. Nh4 Qf8 18. Rxf6 Re6 19. Bxe6 dxe6 20. Rd1 Qg7
21. Rf3 Kf8 22. Rg3 Qh7 23. Qd3 1-0

[Event "Madrid ch Super-Veteranos 2015-2016"]
[Site "Madrid ESP"]
[Date "2016.01.27"]
[Round "5.9"]
[White "Benito Alba, Eladio"]
[Black "Alfageme Sanchez, Jesus"]
[Result "1/2-1/2"]
[WhiteElo "1567"]
[BlackElo "1622"]
[PlyCount "41"]
[EventDate "2016.01.22"]
[EventType "swiss"]
[EventRounds "7"]
[EventCountry "ESP"]
[Source "lmi"]
[SourceDate "2016.01.22"]

1. d4 Nf6 2. c4 d5 3. Nf3 c6 4. e3 Bg4 5. Be2 e6 6. O-O Bd6 7. Nc3 Nbd7 8. b3
Qc7 9. h3 Bf5 10. Bb2 h6 11. Rc1 Qa5 12. Bd3 Bxd3 13. Qxd3 Bb4 14. a3 Bxc3 15.
b4 dxc4 16. Qxc3 Qd5 17. Qxc4 Nb6 18. Qc2 Ne4 19. Nd2 Nd6 20. e4 Qg5 21. f4
1/2-1/2

[Event "Madrid ch Super-Veteranos 2015-2016"]
[Site "Madrid ESP"]
[Date "2016.01.27"]
[Round "5.10"]
[White "Rodriguez Bachiller, Luis"]
[Black "Leniz Martinez, Francisco"]
[Result "1/2-1/2"]
[WhiteElo "1660"]
[BlackElo "1690"]
[PlyCount "81"]
[EventDate "2016.01.22"]
[EventType "swiss"]
[EventRounds "7"]
[EventCountry "ESP"]
[Source "lmi"]
[SourceDate "2016.01.22"]

1. Nf3 c5 2. e4 e6 3. d4 cxd4 4. Nxd4 a6 5. Nc3 Qc7 6. a4 Nf6 7. g3 Bb4 8. Qd3
O-O 9. Bg2 d5 10. O-O Bxc3 11. bxc3 Nxe4 12. Bxe4 dxe4 13. Qxe4 e5 14. Ne2 Be6
15. Ba3 Rd8 16. Rfd1 Nc6 17. g4 Rd7 18. Rxd7 Qxd7 19. h3 Rd8 20. Rb1 f5 21.
gxf5 Bxf5 22. Qc4+ Kh8 23. h4 Bxc2 24. Re1 Bd3 25. Qa2 g5 26. hxg5 Bxe2 27.
Qxe2 Rc8 28. Bc1 Rd8 29. f4 exf4 30. Bxf4 Qf5 31. Be5+ Nxe5 32. Qxe5+ Qxe5 33.
Rxe5 Kg7 34. Re7+ Kg6 35. Rxb7 Re8 36. Rb6+ Kxg5 37. Rxa6 Re3 38. Rd6 Rxc3 39.
a5 h5 40. a6 Ra3 41. Kh1 1/2-1/2

[Event "Madrid ch Super-Veteranos 2015-2016"]
[Site "Madrid ESP"]
[Date "2016.01.27"]
[Round "5.11"]
[White "Olano Lanchas, Dionisio"]
[Black "Jaumandreu Llopis, Antonio"]
[Result "1/2-1/2"]
[WhiteElo "1712"]
[BlackElo "1504"]
[PlyCount "76"]
[EventDate "2016.01.22"]
[EventType "swiss"]
[EventRounds "7"]
[EventCountry "ESP"]
[Source "lmi"]
[SourceDate "2016.01.22"]

1. g3 d5 2. d4 Nf6 3. Bg2 Nc6 4. Nc3 e5 5. dxe5 Nxe5 6. Nxd5 c6 7. Nxf6+ Qxf6
8. Nf3 Bc5 9. O-O Be6 10. c3 O-O 11. Nd4 Rad8 12. e3 Bc4 13. Re1 Nd3 14. Re2
Nxc1 15. Rxc1 Bxe2 16. Qxe2 Rfe8 17. Qc2 Rd7 18. b4 Bf8 19. a3 Red8 20. Qa4 a6
21. Qa5 Bd6 22. Qb6 Bc7 23. Qc5 Qg6 24. e4 Qf6 25. Rd1 Be5 26. Qa7 g6 27. Bh3
Bxd4 28. cxd4 Rxd4 29. Rxd4 Qxd4 30. Qxd4 Rxd4 31. Bc8 Rd1+ 32. Kg2 Ra1 33.
Bxb7 Rxa3 34. Bxc6 Rb3 35. Bb7 Rxb4 36. Bxa6 Rxe4 37. Bb7 Rb4 38. Bd5 Kg7
1/2-1/2

[Event "Madrid ch Super-Veteranos 2015-2016"]
[Site "Madrid ESP"]
[Date "2016.01.27"]
[Round "5.12"]
[White "Algaba Traspuesto, Jose Antonio"]
[Black "Martin Rodriguez, Jose Luis"]
[Result "1-0"]
[WhiteElo "1632"]
[BlackElo "1313"]
[PlyCount "37"]
[EventDate "2016.01.22"]
[EventType "swiss"]
[EventRounds "7"]
[EventCountry "ESP"]
[Source "lmi"]
[SourceDate "2016.01.22"]

1. d4 Nf6 2. Bf4 e6 3. e3 c5 4. Nd2 cxd4 5. exd4 Nc6 6. c3 d5 7. Bd3 Bd6 8. Bg3
Bxg3 9. hxg3 Bd7 10. Ngf3 Ne7 11. Qe2 Qc7 12. Ne5 g6 13. Qf3 Neg8 14. g4 Bc6
15. g5 Nh5 16. g4 Ng7 17. Kf1 Qe7 18. Qf4 Kf8 19. Nxg6+ 1-0

[Event "Madrid ch Super-Veteranos 2015-2016"]
[Site "Madrid ESP"]
[Date "2016.01.27"]
[Round "5.14"]
[White "Sanchez Lucena, Juan"]
[Black "Carcasona Beltran, Jose Maria"]
[Result "1-0"]
[WhiteElo "1440"]
[BlackElo "1126"]
[PlyCount "59"]
[EventDate "2016.01.22"]
[EventType "swiss"]
[EventRounds "7"]
[EventCountry "ESP"]
[Source "lmi"]
[SourceDate "2016.01.22"]

1. d4 d5 2. Nf3 Nf6 3. Bg5 Nc6 4. e3 e6 5. c4 h6 6. Bh4 Bb4+ 7. Nbd2 O-O 8.
cxd5 exd5 9. Bd3 Bxd2+ 10. Qxd2 Qd6 11. Bg3 Qe7 12. a3 Re8 13. O-O Bg4 14. Ne5
Nxe5 15. Bxe5 c5 16. Rfe1 Ne4 17. Qc2 b6 18. f3 Rac8 19. Qe2 f6 20. Bf4 g5 21.
Bb5 gxf4 22. Bxe8 Qxe8 23. fxg4 Qg6 24. Rac1 Kg7 25. exf4 Rh8 26. dxc5 h5 27.
g5 f5 28. cxb6 Qxb6+ 29. Qe3 Qxb2 30. Qxa7+ 1-0

[Event "Madrid ch Super-Veteranos 2015-2016"]
[Site "Madrid ESP"]
[Date "2016.01.28"]
[Round "6.1"]
[White "Gonzalez Rivera, Eduardo"]
[Black "Estrada Martinez, Cesar"]
[Result "0-1"]
[WhiteElo "2059"]
[BlackElo "2079"]
[PlyCount "60"]
[EventDate "2016.01.22"]
[EventType "swiss"]
[EventRounds "7"]
[EventCountry "ESP"]
[Source "lmi"]
[SourceDate "2016.01.22"]

1. e4 c5 2. Nf3 g6 3. d4 cxd4 4. Nxd4 Bg7 5. Nc3 d6 6. Be3 Nf6 7. Be2 O-O 8. f4
Nc6 9. Nb3 Be6 10. g4 Na5 11. f5 Bc4 12. Bf3 Nd7 13. Bd4 Ne5 14. Bg2 Ba6 15.
Nd5 Nac6 16. f6 exf6 17. h4 Bc4 18. Ne3 Bxb3 19. axb3 Nxd4 20. Qxd4 f5 21.
O-O-O Nxg4 22. Qd3 Bh6 23. Rde1 Qb6 24. Rh3 fxe4 25. Qd2 Nxe3 26. Rexe3 d5 27.
c3 Rad8 28. Kb1 d4 29. cxd4 Rxd4 30. Qc3 Bxe3 0-1

[Event "Madrid ch Super-Veteranos 2015-2016"]
[Site "Madrid ESP"]
[Date "2016.01.28"]
[Round "6.2"]
[White "Lopez Heras, Arturo"]
[Black "Ciuro Muñoz, Ricardo"]
[Result "1/2-1/2"]
[WhiteElo "1809"]
[BlackElo "2024"]
[PlyCount "96"]
[EventDate "2016.01.22"]
[EventType "swiss"]
[EventRounds "7"]
[EventCountry "ESP"]
[Source "lmi"]
[SourceDate "2016.01.22"]

1. e4 e6 2. d4 d5 3. e5 c5 4. c3 Qb6 5. Nf3 Nc6 6. a3 a5 7. Bd3 cxd4 8. cxd4
Bd7 9. Bc2 Nge7 10. O-O Nf5 11. Bxf5 exf5 12. Nc3 Be7 13. Nxd5 Qd8 14. Nxe7
Nxe7 15. Bg5 Bc6 16. Bxe7 Kxe7 17. Qd3 g6 18. Rfd1 Qd5 19. Rac1 Rhd8 20. Qe3
Kf8 21. Qh6+ Ke7 22. Qg5+ Kf8 23. Qh6+ Ke7 24. Qh4+ Kf8 25. Qxh7 Ke7 26. Qh4+
Kf8 27. Rd2 Rac8 28. Rc5 Qe4 29. Qxe4 Bxe4 30. Rxc8 Rxc8 31. Kf1 Bd5 32. Ke2
Ke7 33. Nh4 b5 34. f4 b4 35. axb4 axb4 36. Nf3 b3 37. Ne1 Ra8 38. Ke3 Ra1 39.
Kf2 Rb1 40. h3 Be4 41. Ke2 Ke6 42. g4 Kd5 43. Nd3 Rg1 44. Nf2 Bc2 45. gxf5 Bxf5
46. Ng4 Bxg4+ 47. hxg4 Ke4 48. d5 Rg2+ 1/2-1/2

[Event "Madrid ch Super-Veteranos 2015-2016"]
[Site "Madrid ESP"]
[Date "2016.01.28"]
[Round "6.3"]
[White "Mayer Schwartz, Rene"]
[Black "Fernandez Garcia, Ignacio"]
[Result "1-0"]
[WhiteElo "2015"]
[BlackElo "1875"]
[PlyCount "73"]
[EventDate "2016.01.22"]
[EventType "swiss"]
[EventRounds "7"]
[EventCountry "ESP"]
[Source "lmi"]
[SourceDate "2016.01.22"]

1. Nf3 d6 2. d4 Nf6 3. c4 g6 4. g3 Bg7 5. Bg2 c6 6. O-O O-O 7. Nc3 Be6 8. b3 d5
9. c5 Qc8 10. Re1 Na6 11. Bf4 b6 12. cxb6 axb6 13. Rc1 Qb7 14. Ne5 Rac8 15. Qd2
Rfd8 16. h3 Nc7 17. g4 Nce8 18. Na4 Nd6 19. Qb4 Nb5 20. Nxc6 Rxc6 21. Qxb5 Rdc8
22. Rxc6 Rxc6 23. Rc1 Rxc1+ 24. Bxc1 h5 25. gxh5 Qc8 26. Ba3 Nxh5 27. Nxb6 Qc3
28. e3 Qe1+ 29. Qf1 Qa5 30. Bc5 Qxa2 31. Qd1 Nf6 32. Bxe7 Ne4 33. Bxe4 dxe4 34.
d5 Bxh3 35. d6 Qa3 36. d7 Qxe7 37. d8=Q+ 1-0

[Event "Madrid ch Super-Veteranos 2015-2016"]
[Site "Madrid ESP"]
[Date "2016.01.28"]
[Round "6.4"]
[White "Moragrega Herrero, Juan Jose"]
[Black "Perez Cameselle, Francisco"]
[Result "1/2-1/2"]
[WhiteElo "1837"]
[BlackElo "1917"]
[PlyCount "111"]
[EventDate "2016.01.22"]
[EventType "swiss"]
[EventRounds "7"]
[EventCountry "ESP"]
[Source "lmi"]
[SourceDate "2016.01.22"]

1. d4 Nf6 2. g3 g6 3. Bg2 Bg7 4. e4 d6 5. Ne2 O-O 6. O-O e5 7. c3 Qe7 8. f3
exd4 9. cxd4 c5 10. d5 b5 11. a4 b4 12. Qc2 Re8 13. Bg5 h6 14. Bxf6 Qxf6 15.
Ra2 Ba6 16. b3 Nd7 17. Rf2 c4 18. bxc4 Nc5 19. Nd2 Rec8 20. Nc1 Rab8 21. Bf1
Qe7 22. Ncb3 Nxb3 23. Nxb3 Qc7 24. Kg2 Bxc4 25. Bxc4 Qxc4 26. Qxc4 Rxc4 27. Na5
Rc1 28. Nc6 Rb7 29. e5 dxe5 30. Rab2 a5 31. Nxa5 Ra7 32. Nb3 Rd1 33. Rfd2 Rxd2+
34. Rxd2 Rxa4 35. d6 Bf6 36. Rc2 Ra8 37. Rc4 Rd8 38. Rc6 Kf8 39. Rb6 Ke8 40.
Nc5 Bg5 41. f4 exf4 42. Kf3 fxg3 43. hxg3 Bd2 44. Ke4 Be1 45. g4 Bg3 46. Kd5
Rxd6+ 47. Rxd6 Bxd6 48. Kxd6 h5 49. gxh5 gxh5 50. Ke5 h4 51. Kf4 Ke7 52. Kg4
Kd6 53. Nb3 Kd5 54. Kxh4 Kc4 55. Na5+ Kb5 56. Nb3 1/2-1/2

[Event "Madrid ch Super-Veteranos 2015-2016"]
[Site "Madrid ESP"]
[Date "2016.01.28"]
[Round "6.5"]
[White "Pashov, Spas Nikolov"]
[Black "Garcia Esteban, Ignacio"]
[Result "1-0"]
[WhiteElo "1722"]
[BlackElo "1888"]
[PlyCount "109"]
[EventDate "2016.01.22"]
[EventType "swiss"]
[EventRounds "7"]
[EventCountry "ESP"]
[Source "lmi"]
[SourceDate "2016.01.22"]

1. e4 c5 2. Nf3 Nc6 3. d4 cxd4 4. Nxd4 g6 5. Be3 Bg7 6. Nc3 Nf6 7. Be2 d6 8.
Qd2 O-O 9. f3 a6 10. O-O Bd7 11. a4 Rc8 12. Nxc6 Bxc6 13. a5 Nd7 14. Bd4 Nf6
15. Rfd1 Qe8 16. b3 h5 17. Bc4 Kh7 18. Ra2 e6 19. e5 dxe5 20. Bxe5 Rd8 21. Qe2
Rxd1+ 22. Nxd1 Qd7 23. Bd3 Rd8 24. Nf2 Qd5 25. c4 Qc5 26. Kf1 Kg8 27. Qb2 Ne8
28. Bxg7 Nxg7 29. b4 Qd6 30. Kg1 Nf5 31. Be4 e5 32. b5 axb5 33. cxb5 Bxe4 34.
Nxe4 Qd1+ 35. Kf2 Qd3 36. Qd2 Qxd2+ 37. Rxd2 Rxd2+ 38. Nxd2 Nd4 39. a6 bxa6 40.
bxa6 Nc6 41. Ke3 f6 42. Nc4 Kf8 43. Nb6 Ke8 44. Nc8 Nb4 45. a7 Nd5+ 46. Ke4 Nc7
47. Nb6 Kd8 48. a8=Q+ Nxa8 49. Nxa8 Ke7 50. Kd5 g5 51. h3 Kf7 52. Nb6 Kg6 53.
g4 f5 54. Kxe5 fxg4 55. fxg4 1-0